Parivarik sangarsh : Ek samajvigyanik adhyayan (Record no. 17759)

MARC details
000 -LEADER
fixed length control field 00331nam a2200133Ia 4500
082 ## - DEWEY DECIMAL CLASSIFICATION NUMBER
Classification number TC.0151
100 ## - MAIN ENTRY--AUTHOR NAME
Personal name Chaturvedi, Aparna
245 #0 - TITLE STATEMENT
Title Parivarik sangarsh : Ek samajvigyanik adhyayan
260 ## - PUBLICATION, DISTRIBUTION, ETC. (IMPRINT)
Year of publication 1991
Name of publisher Banaras Hindu University
300 ## - PHYSICAL DESCRIPTION
Number of Pages 264
650 ## - SUBJECT ADDED ENTRY--TOPICAL TERM
Topical Term Family
Form subdivision India
710 ## - ADDED ENTRY--CORPORATE NAME
Corporate name or jurisdiction name as entry element Srivastava, H.C.
942 ## - ADDED ENTRY ELEMENTS (KOHA)
Koha item type Thesis
Source of classification or shelving scheme Dewey Decimal Classification
Holdings
Withdrawn status Lost status Damaged status Not for loan Home library Current library Date acquired Bill Date Full call number Accession Number Price effective from Koha item type
        NASSDOC Library NASSDOC Library 08/10/2004 2008-12-30 TC.0151 34062 18/04/2019 Thesis